| 000 | 00927nam a2200337Ia 4500 | ||
|---|---|---|---|
| 003 | OSt | ||
| 005 | 20220912150437.0 | ||
| 006 | a|||||r|||| 00| 0 | ||
| 007 | ta | ||
| 008 | 220909b |||||||| |||| 00| 0 eng d | ||
| 020 | _a0632054778 (pbk) | ||
| 024 | _a8272 | ||
| 037 | _bApple, | ||
| 037 | _cTextual | ||
| 040 |
_aCSL _beng _cCSL |
||
| 041 | _aeng | ||
| 082 | _aK86:5, L8;P0 TK | ||
| 100 | _aSouthwood T R E | ||
| 245 | 0 | _aEcological methods | |
| 250 | _a3 | ||
| 260 |
_aOxford _bBlackwell Science _c2000 |
||
| 300 |
_axv, 575p. _ccm. |
||
| 500 | _aIncludes bibliographical references; Index 565-575p | ||
| 650 | _a Ecology | ||
| 650 | _a Estimation theory | ||
| 650 | _aZoology | ||
| 700 | _a Henderson P A | ||
| 942 |
_hK86:5, L8;P0 TK _cTEXL _2CC |
||
| 999 |
_c47419 _d47419 |
||